[Event "SVK-chT3A2 2223"]
[Site "Slovakia"]
[Date "2023.02.19"]
[Round "7.1"]
[White "Diviak, Rastislav"]
[Black "Walterova, Ema"]
[Result "0-1"]
[WhiteElo "2010"]
[BlackElo "2048"]
[PlyCount "108"]
[EventDate "2022.10.16"]
[EventType "team-tourn"]
[EventRounds "9"]
[EventCountry "SVK"]
[SourceTitle "EXT 2024"]
[Source "ChessBase"]
[SourceDate "2023.10.10"]
[SourceVersion "1"]
[SourceVersionDate "2023.10.10"]
[SourceQuality "1"]
[WhiteTeam "Senica CVC"]
[BlackTeam "Skalica"]
[WhiteTeamCountry "SVK"]
[BlackTeamCountry "SVK"]

1. e4 e5 2. Nf3 Nc6 3. Bc4 Bc5 4. c3 Nf6 5. d4 exd4 6. cxd4 Bb4+ 7. Bd2 Bxd2+ 8. Nbxd2 d5 9. exd5 Nxd5 10. Qb3 Na5 11. Qa4+ Nc6 12. Qb3 Nce7 13. 0-0 0-0 14. Rfe1 c6 15. a4 h6 16. a5 Qc7 17. Ne5 Be6 18. Ne4 b6 19. a6 Nf5 20. Nf3 Nd6 21. Nxd6 Qxd6 22. Qd1 Rfd8 23. Qd2 Rac8 24. Rac1 Nf4 25. Bxe6 Nxe6 26. Red1 c5 27. dxc5 Qxd2 28. Rxd2 Rxd2 29. Nxd2 Rxc5 30. Rxc5 Nxc5 31. Nc4 Nxa6 32. Nd6 Nb4 33. Nc8 Nc6 34. Kf1 Kf8 35. Ke2 Ke8 36. Nd6+ Ke7 37. Nf5+ Kf6 38. Ne3 Ke5 39. Kd3 b5 40. Ng4+ Ke6 41. Ne3 a5 42. f4 Ne7 43. Kd4 Kd6 44. g4 g6 45. h4 f5 46. h5 fxg4 47. Nxg4 Nf5+ 48. Ke4 gxh5 49. Nf6 Ke6 50. Nxh5 a4 51. Kd3 Kf7 52. Kc3 Kg6 53. Kb4 Kxh5 54. Kxb5 Kg4 0-1

[Event "SVK-chT3A2 2223"]
[Site "Slovakia"]
[Date "2022.12.04"]
[Round "3.1"]
[White "Buran, Jaroslav"]
[Black "Diviak, Rastislav"]
[Result "1/2-1/2"]
[WhiteElo "2008"]
[BlackElo "2010"]
[PlyCount "23"]
[EventDate "2022.10.16"]
[EventType "team-tourn"]
[EventRounds "9"]
[EventCountry "SVK"]
[SourceTitle "EXT 2024"]
[Source "ChessBase"]
[SourceDate "2023.10.10"]
[SourceVersion "1"]
[SourceVersionDate "2023.10.10"]
[SourceQuality "1"]
[WhiteTeam "Gbely Nafta"]
[BlackTeam "Senica CVC"]
[WhiteTeamCountry "SVK"]
[BlackTeamCountry "SVK"]

1. Nf3 Nf6 2. c4 e6 3. Nc3 d5 4. d4 c6 5. e3 Nbd7 6. Qc2 Bd6 7. Be2 0-0 8. 0-0 Re8 9. Rd1 Qe7 10. b3 dxc4 11. Bxc4 h6 12. Bb2 1/2-1/2

[Event "SVK-chT2A 2223"]
[Site "Slovakia"]
[Date "2022.11.27"]
[Round "6.6"]
[White "Diviak, Rastislav"]
[Black "Musaev, Matej Elbek"]
[Result "0-1"]
[WhiteElo "2010"]
[BlackElo "2045"]
[PlyCount "106"]
[EventDate "2022.10.08"]
[EventType "team-tourn"]
[EventRounds "11"]
[EventCountry "SVK"]
[SourceTitle "EXT 2024"]
[Source "ChessBase"]
[SourceDate "2023.10.10"]
[SourceVersion "1"]
[SourceVersionDate "2023.10.10"]
[SourceQuality "1"]
[WhiteTeam "Osuske II"]
[BlackTeam "Piestany Kupele"]
[WhiteTeamCountry "SVK"]
[BlackTeamCountry "SVK"]

1. e4 c5 2. Nf3 d6 3. d4 cxd4 4. Nxd4 Nf6 5. Nc3 a6 6. Be2 Nbd7 7. 0-0 b5 8. f4 Bb7 9. Bf3 Qc7 10. Re1 b4 11. Nd5 Nxd5 12. exd5 Nb6 13. Nc6 Bxc6 14. dxc6 e6 15. Qd4 a5 16. Be3 Nc8 17. Bf2 Ne7 18. Qc4 Rc8 19. a3 d5 20. Qb5 Nxc6 21. Bxd5 Be7 22. Bxc6+ Qxc6 23. Qxc6+ Rxc6 24. axb4 axb4 25. Ra8+ Bd8 26. Rd1 Ke7 27. Rd2 Re8 28. Rb8 Ba5 29. Rb7+ Kf6 30. Rdd7 Rf8 31. Bh4+ Kg6 32. Be7 Ra8 33. Bxb4 Bxb4 34. Rxb4 Rxc2 35. h3 Ra1+ 36. Kh2 Rb1 37. Rdb7 Rd1 38. Rb3 Rdd2 39. Rg3+ Kf6 40. b4 Rf2 41. b5 Rxf4 42. b6 Rb2 43. Rb8 h5 44. Rc3 h4 45. b7 Rff2 46. Rh8 Rxg2+ 47. Kh1 Rge2 48. Rc1 Rxb7 49. Rxh4 g5 50. Rh8 Kg7 51. Rhc8 Rb3 52. R8c3 Rxc3 53. Rxc3 f5 0-1

[Event "SVK-chT2A 2223"]
[Site "Slovakia"]
[Date "2022.11.12"]
[Round "3.5"]
[White "Diviak, Rastislav"]
[Black "Kebis, Milos"]
[Result "1-0"]
[WhiteElo "2019"]
[BlackElo "1804"]
[PlyCount "59"]
[EventDate "2022.10.08"]
[EventType "team-tourn"]
[EventRounds "11"]
[EventCountry "SVK"]
[SourceTitle "EXT 2024"]
[Source "ChessBase"]
[SourceDate "2023.10.10"]
[SourceVersion "1"]
[SourceVersionDate "2023.10.10"]
[SourceQuality "1"]
[WhiteTeam "Osuske II"]
[BlackTeam "Krasnany"]
[WhiteTeamCountry "SVK"]
[BlackTeamCountry "SVK"]

1. e4 c5 2. Nf3 e6 3. d4 cxd4 4. Nxd4 a6 5. Bd3 Nc6 6. Be3 Nf6 7. 0-0 Be7 8. Nc3 0-0 9. Nxc6 dxc6 10. f4 Qa5 11. Qf3 Bc5 12. Kh1 Bxe3 13. Qxe3 e5 14. f5 b5 15. a3 Bb7 16. g4 Qd8 17. g5 Nh5 18. Rad1 Qe7 19. f6 Qe6 20. fxg7 Kxg7 21. Ne2 Rac8 22. Qf3 Qg6 23. Ng3 Nxg3+ 24. Qxg3 h6 25. Qxe5+ Kh7 26. gxh6 Rce8 27. Qc5 Kh8 28. Rf5 Bc8 29. Rg1 Qh7 30. Qd4+ 1-0

[Event "SVK-chT2A 2223"]
[Site "Slovakia"]
[Date "2022.10.08"]
[Round "1.4"]
[White "Kosnac, Patrik"]
[Black "Diviak, Rastislav"]
[Result "1/2-1/2"]
[WhiteElo "1901"]
[BlackElo "2005"]
[PlyCount "61"]
[EventDate "2022.10.08"]
[EventType "team-tourn"]
[EventRounds "11"]
[EventCountry "SVK"]
[SourceTitle "CBM 210 Extra"]
[Source "ChessBase"]
[SourceDate "2022.11.30"]
[SourceVersion "1"]
[SourceVersionDate "2022.11.30"]
[SourceQuality "1"]
[WhiteTeam "Pezinok"]
[BlackTeam "Osuske II"]
[WhiteTeamCountry "SVK"]
[BlackTeamCountry "SVK"]

1. d4 d5 2. Nf3 Nf6 3. c4 e6 4. Nc3 c6 5. e3 Nbd7 6. Bd3 dxc4 7. Bxc4 b5 8. Bd3 a6 9. e4 c5 10. 0-0 Bb7 11. Re1 c4 12. Bc2 Qc7 13. Bg5 Bb4 14. a4 Qb6 15. axb5 axb5 16. Rxa8+ Bxa8 17. Bf4 h6 18. Qa1 0-0 19. Qc1 Rd8 20. Bxh6 gxh6 21. e5 Nh7 22. Qxh6 Ndf8 23. Re3 Be7 24. Ne4 Ng6 25. Nfg5 Bxg5 26. Nxg5 Nxg5 27. Bxg6 Qxd4 28. Bh7+ Kh8 29. Bc2+ Kg8 30. Qxg5+ Kf8 31. Qh6+ 1/2-1/2

[Event "SVK-chT3A2 2122"]
[Site "Slovakia"]
[Date "2022.04.24"]
[Round "6.1"]
[White "Diviak, Rastislav"]
[Black "Lukacovic, Miroslav"]
[Result "1/2-1/2"]
[WhiteElo "2026"]
[BlackElo "1926"]
[PlyCount "115"]
[EventDate "2021.10.10"]
[EventType "team-tourn"]
[EventRounds "11"]
[EventCountry "SVK"]
[SourceTitle "EXT 2024"]
[Source "ChessBase"]
[SourceDate "2023.10.10"]
[SourceVersion "1"]
[SourceVersionDate "2023.10.10"]
[SourceQuality "1"]
[WhiteTeam "Senica CVC"]
[BlackTeam "Modranka Komplet II"]
[WhiteTeamCountry "SVK"]
[BlackTeamCountry "SVK"]

1. e4 e6 2. d4 d5 3. Nd2 a6 4. Bd3 c5 5. exd5 Qxd5 6. Ngf3 Nf6 7. c4 Qh5 8. Nb3 cxd4 9. Nbxd4 Bb4+ 10. Bd2 Bxd2+ 11. Qxd2 0-0 12. Ne2 Nc6 13. 0-0 Ne5 14. Nxe5 Qxe5 15. Rfe1 Bd7 16. Rac1 Bc6 17. Nd4 Qc7 18. Nxc6 Qxc6 19. Qe3 Rad8 20. Be2 b6 21. Bf3 Qc7 22. b4 a5 23. c5 Rb8 24. cxb6 Qxb6 25. Qxb6 Rxb6 26. bxa5 Rb5 27. a6 Ra5 28. Bb7 Nd7 29. Red1 Nb8 30. Rd6 Rxa2 31. g3 g6 32. Rcd1 Kg7 33. R1d2 Ra4 34. Rc2 Kf6 35. Bc8 Rxc8 36. Rxc8 Rxa6 37. Rxa6 Nxa6 38. Rc4 Nb8 39. h4 h5 40. Kg2 Nd7 41. f3 Ke5 42. g4 hxg4 43. fxg4 Kf6 44. Rf4+ Kg7 45. Ra4 Nf6 46. Kf3 Nd5 47. Ra8 Nc7 48. Rc8 Nd5 49. Ke4 Nf6+ 50. Kf4 Nd5+ 51. Ke5 Ne3 52. Kf4 Nd5+ 53. Kf3 Nf6 54. Rc1 Nd5 55. Rg1 Nf6 56. Kf4 Nd7 57. Ra1 Nf6 58. Rg1 1/2-1/2

[Event "SVK-chT3A2 2122"]
[Site "Slovakia"]
[Date "2021.11.07"]
[Round "3.3"]
[White "Diviak, Rastislav"]
[Black "Stetina, Erik"]
[Result "1/2-1/2"]
[WhiteElo "2026"]
[BlackElo "2010"]
[PlyCount "138"]
[EventDate "2021.10.10"]
[EventType "team-tourn"]
[EventRounds "11"]
[EventCountry "SVK"]
[SourceTitle "EXT 2023"]
[Source "ChessBase"]
[SourceDate "2022.10.05"]
[SourceVersion "1"]
[SourceVersionDate "2022.10.05"]
[SourceQuality "1"]
[WhiteTeam "Senica CVC"]
[BlackTeam "Trnava Lokomotiva"]
[WhiteTeamCountry "SVK"]
[BlackTeamCountry "SVK"]

1. e4 d6 2. d4 Nf6 3. Nc3 Nbd7 4. f4 e5 5. Nf3 exd4 6. Nxd4 Nc5 7. Bb5+ Bd7 8. Bxd7+ Qxd7 9. Qf3 0-0-0 10. 0-0 g6 11. b4 Na4 12. Nxa4 Qxa4 13. Be3 Bg7 14. Rad1 Rhe8 15. e5 dxe5 16. fxe5 Rxe5 17. Bf4 Red5 18. c3 Nh5 19. Be3 f5 20. g4 fxg4 21. Qxg4+ Qd7 22. Qf3 Nf6 23. c4 Rh5 24. Nb5 Qe8 25. Nxa7+ Kb8 26. Rxd8+ Qxd8 27. Rd1 Qe7 28. Nb5 Rf5 29. Bf4 Ne8 30. Qe4 Bf6 31. Qxe7 Bxe7 32. Re1 Rxf4 33. Rxe7 Nd6 34. Nxc7 Rxc4 35. Nd5 Rd4 36. Re5 Nf7 37. Re7 Ng5 38. Nf6 Rxb4 39. Re8+ Ka7 40. Rh8 Rf4 41. Nd5 Rf5 42. Rd8 h5 43. Ne7 Nh3+ 44. Kg2 Nf4+ 45. Kg3 Rf7 46. Nc8+ Ka6 47. Nd6 Ne2+ 48. Kh4 Rf4+ 49. Kg5 Rg4+ 50. Kf6 h4 51. Rg8 Nf4 52. Nf7 Rg2 53. Ne5 Rxh2 54. Kg5 Ne6+ 55. Kf6 Nc5 56. Rxg6 h3 57. Ng4 Rxa2 58. Rh6 Ra3 59. Nf2 Rf3+ 60. Ke5+ Ka5 61. Nxh3 b5 62. Kd4 Ne6+ 63. Ke5 Re3+ 64. Kd6 b4 65. Nf2 b3 66. Rh8 Ka4 67. Ra8+ Kb4 68. Rb8+ Ka3 69. Ra8+ Kb2 1/2-1/2

[Event "SVK-ch Rapid"]
[Site "Modra"]
[Date "2021.06.12"]
[Round "3"]
[White "Kalisky, Vladimir"]
[Black "Diviak, Rastislav"]
[Result "0-1"]
[WhiteElo "2139"]
[BlackElo "2000"]
[PlyCount "57"]
[EventDate "2021.06.12"]
[EventType "swiss (rapid)"]
[EventRounds "9"]
[EventCountry "SVK"]
[SourceTitle "EXT 2022"]
[Source "ChessBase"]
[SourceDate "2021.10.06"]
[SourceVersion "1"]
[SourceVersionDate "2021.10.06"]
[SourceQuality "1"]

1. e4 d6 2. d4 Nf6 3. Nf3 Nxe4 4. Bd3 Nf6 5. 0-0 Bg4 6. h3 Bh5 7. c3 Nbd7 8. Re1 e6 9. Nbd2 Be7 10. Qb3 b6 11. Ng5 d5 12. Ngf3 c5 13. c4 0-0 14. Ne5 Bd6 15. Ndf3 cxd4 16. Bf4 Nc5 17. Qd1 Qc7 18. Rc1 Nfe4 19. cxd5 exd5 20. b4 Bxe5 21. Bxe5 Qxe5 22. Nxe5 Bxd1 23. bxc5 Ba4 24. Bxe4 dxe4 25. Rxe4 Rad8 26. c6 d3 27. c7 d2 28. Rd1 Bxd1 29. Nc4 0-1

[Event "SVK-chT1W 1920"]
[Site "Slovakia"]
[Date "2019.11.10"]
[Round "4.8"]
[White "Bona, Zoltan"]
[Black "Diviak, Rastislav"]
[Result "0-1"]
[WhiteElo "1832"]
[BlackElo "2007"]
[PlyCount "82"]
[EventDate "2019.10.12"]
[EventType "team-tourn"]
[EventRounds "11"]
[EventCountry "SVK"]
[SourceTitle "CBM 193 Extra"]
[Source "ChessBase"]
[SourceDate "2020.01.31"]
[SourceVersion "1"]
[SourceVersionDate "2020.01.31"]
[SourceQuality "1"]
[WhiteTeam "Batorove Kosihy"]
[BlackTeam "Osuske"]
[WhiteTeamCountry "SVK"]
[BlackTeamCountry "SVK"]

1. e4 d6 2. d4 Nf6 3. Nc3 g6 4. Nf3 Bg7 5. Be2 0-0 6. 0-0 c6 7. h3 Qc7 8. Bf4 Nbd7 9. Qd2 e5 10. Bh2 b5 11. dxe5 dxe5 12. Qe3 Bb7 13. a3 a5 14. Na2 Qb6 15. Qxb6 Nxb6 16. Bd3 Nfd7 17. Rac1 Na4 18. b3 Nac5 19. Rfd1 Rfd8 20. Rb1 f6 21. Ne1 Bf8 22. a4 Nxd3 23. Nxd3 Nc5 24. Nxc5 Bxc5 25. Nc3 Bb4 26. Ne2 bxa4 27. bxa4 Ba6 28. Ng3 Kf7 29. Nf1 Ke7 30. Bg3 Be2 31. Rxd8 Rxd8 32. Ne3 Bc5 33. Re1 Rd2 34. c3 Ra2 35. Ng4 Bxg4 36. hxg4 Rxa4 37. Rb1 Rxe4 38. Rb7+ Ke6 39. Rxh7 a4 40. Rh8 a3 41. Kf1 Ra4 0-1

[Event "SVK-chT2A 1819"]
[Site "Slovakia"]
[Date "2019.04.07"]
[Round "11.8"]
[White "Bednar, Jan"]
[Black "Diviak, Rastislav"]
[Result "1/2-1/2"]
[WhiteElo "2062"]
[BlackElo "1995"]
[PlyCount "113"]
[EventDate "2018.10.13"]
[EventType "team-tourn"]
[EventRounds "11"]
[EventCountry "SVK"]
[SourceTitle "EXT 2020"]
[Source "ChessBase"]
[SourceDate "2019.10.17"]
[SourceVersion "1"]
[SourceVersionDate "2019.10.17"]
[SourceQuality "1"]
[WhiteTeam "Bratislava Doprastav"]
[BlackTeam "Osuske II"]
[WhiteTeamCountry "SVK"]
[BlackTeamCountry "SVK"]

1. c4 e5 2. Nc3 Nf6 3. g3 d5 4. cxd5 Nxd5 5. Bg2 Nb6 6. Nf3 Nc6 7. 0-0 Be7 8. d3 0-0 9. a3 a5 10. Be3 Be6 11. Rc1 Qd7 12. Na4 Nxa4 13. Qxa4 Bh3 14. Bxh3 Qxh3 15. Rxc6 bxc6 16. Nxe5 Bf6 17. Nxc6 h5 18. Bd4 Qg4 19. e4 Qf3 20. Bxf6 Qxf6 21. e5 Qe6 22. Rc1 Rfe8 23. Qc4 Qh3 24. d4 Re6 25. d5 Rh6 26. Ne7+ Kh8 27. Rc3 Re8 28. d6 cxd6 29. Qxf7 Rxe7 30. Qxe7 h4 31. Rc7 Qg4 32. Qf8+ Kh7 33. h3 Qd1+ 34. Kg2 Qd5+ 35. Qf3 Qxe5 36. Qd3+ Rg6 37. Rc3 hxg3 38. fxg3 Kh6 39. Qe3+ Qg5 40. Qxg5+ Rxg5 41. Rd3 d5 42. Kf3 Kg6 43. Ke2 Kf6 44. Re3 Rh5 45. g4 Rh8 46. b3 Rc8 47. Kd3 Rc1 48. Kd4 Rd1+ 49. Rd3 Ra1 50. b4 axb4 51. axb4 Ke6 52. Kc5 Rc1+ 53. Kb6 Ke5 54. Re3+ Kf4 55. Re7 d4 56. Rxg7 d3 57. Rd7 1/2-1/2

[Event "SVK-chT4 A21 1819"]
[Site "Slovakia"]
[Date "2018.10.28"]
[Round "2.1"]
[White "Zlamal, Marek"]
[Black "Diviak, Rastislav"]
[Result "1/2-1/2"]
[WhiteElo "1868"]
[BlackElo "1984"]
[PlyCount "136"]
[EventDate "2018.10.14"]
[EventType "team-tourn"]
[EventRounds "11"]
[EventCountry "SVK"]
[SourceTitle "CBM 189 Extra"]
[Source "ChessBase"]
[SourceDate "2019.06.03"]
[SourceVersion "1"]
[SourceVersionDate "2019.06.03"]
[SourceQuality "1"]
[WhiteTeam "Holic II"]
[BlackTeam "Senica CVC II"]
[WhiteTeamCountry "SVK"]
[BlackTeamCountry "SVK"]

1. e4 d6 2. Nf3 Nf6 3. Nc3 c5 4. d4 cxd4 5. Nxd4 a6 6. a4 b6 7. Bd3 e5 8. Nf3 Bb7 9. 0-0 Be7 10. Bg5 Nbd7 11. Re1 0-0 12. Bxf6 Nxf6 13. Nd5 Nxd5 14. exd5 f5 15. Bc4 Bf6 16. c3 Qc7 17. Bb3 Qc5 18. Re2 Rae8 19. Qd2 h6 20. Rd1 e4 21. Rde1 Kf7 22. Nd4 Bxd4 23. cxd4 Qc7 24. Qf4 Kg8 25. f3 Bc8 26. Qh4 Qf7 27. fxe4 Rxe4 28. Rxe4 fxe4 29. h3 Bf5 30. Qf4 Qf6 31. Qe3 Bg6 32. Bc4 a5 33. Rf1 Qe7 34. Rxf8+ Qxf8 35. g3 Qc8 36. Bf1 Qc2 37. Qa3 Qd2 38. Qxd6 Qxd4+ 39. Kh2 Qf2+ 40. Bg2 Kh7 41. Qf4 Qxf4 42. gxf4 e3 43. Kg3 Kg8 44. d6 Kf7 45. Bd5+ Kf6 46. Kf3 Be8 47. Bb3 g5 48. Kxe3 Bd7 49. fxg5+ hxg5 50. Kd4 Bxh3 51. Bd5 Bd7 52. b3 g4 53. Ke4 g3 54. Kf4 Be6 55. Bc6 Bxb3 56. Kxg3 Ke6 57. d7 Ke7 58. Kf4 Be6 59. Ke5 Bxd7 60. Kd5 Be6+ 61. Ke5 Bc4 62. Kd4 Kd6 63. Be8 Bd5 64. Bg6 Bc6 65. Bc2 b5 66. axb5 Bxb5 67. Bb3 a4 68. Bxa4 Bxa4 1/2-1/2

[Event "SVK-chT2A 1718"]
[Site "Slovakia"]
[Date "2018.01.14"]
[Round "6.6"]
[White "Diviak, Rastislav"]
[Black "Puchart, Vladimir"]
[Result "1/2-1/2"]
[WhiteElo "1973"]
[BlackElo "2076"]
[PlyCount "38"]
[EventDate "2017.10.28"]
[EventType "team-tourn"]
[EventRounds "11"]
[EventCountry "SVK"]
[SourceTitle "EXT 2019"]
[Source "ChessBase"]
[SourceDate "2018.10.10"]
[SourceVersion "1"]
[SourceVersionDate "2018.10.10"]
[SourceQuality "1"]
[WhiteTeam "Osuske II"]
[BlackTeam "Trnava Lokomotiva II"]
[WhiteTeamCountry "SVK"]
[BlackTeamCountry "SVK"]

1. e4 c5 2. Nf3 d6 3. d4 cxd4 4. Nxd4 Nf6 5. Nc3 a6 6. Be2 e5 7. Nb3 Be7 8. 0-0 0-0 9. f4 Qc7 10. Be3 b5 11. a3 Bb7 12. Bf3 Nbd7 13. Qe1 Rac8 14. Rd1 Nb6 15. Nd2 Kh8 16. Qg3 Nbd7 17. Nb3 Nb6 18. Nd2 Nbd7 19. Nb3 Nb6 1/2-1/2

[Event "SVK-chT2A 1617"]
[Site "Slovakia"]
[Date "2017.02.11"]
[Round "8.6"]
[White "Diviak, Rastislav"]
[Black "Kolcak, Marek"]
[Result "0-1"]
[WhiteElo "1967"]
[BlackElo "2155"]
[PlyCount "84"]
[EventDate "2016.10.08"]
[EventType "team-tourn"]
[EventRounds "11"]
[EventCountry "SVK"]
[SourceTitle "EXT 2018"]
[Source "ChessBase"]
[SourceDate "2017.10.13"]
[SourceVersion "1"]
[SourceVersionDate "2017.10.13"]
[SourceQuality "1"]
[WhiteTeam "Osuske II"]
[BlackTeam "Bratislava Slovan IV"]
[WhiteTeamCountry "SVK"]
[BlackTeamCountry "SVK"]

1. e4 e6 2. d4 d5 3. Nd2 Nf6 4. e5 Nfd7 5. Bd3 c5 6. c3 Nc6 7. Ne2 cxd4 8. cxd4 f6 9. exf6 Nxf6 10. 0-0 Bd6 11. Nf3 0-0 12. Bf4 Bxf4 13. Nxf4 Ne4 14. Qc1 Ng5 15. Nxg5 Qxg5 16. Ne2 Qf6 17. Qd2 Bd7 18. Rac1 a5 19. Rc5 Rac8 20. Rc3 Nb4 21. Bb1 Bb5 22. Rf3 Qe7 23. Rxf8+ Rxf8 24. Re1 Bxe2 25. Qxe2 Rf6 26. Qb5 Nc6 27. Qd3 Rh6 28. Qb5 Qb4 29. Qxb4 axb4 30. Rc1 Rh4 31. Bd3 Rxd4 32. Bb5 Rd2 33. Bxc6 bxc6 34. Kf1 Rxb2 35. Rxc6 Rxa2 36. Rb6 Rb2 37. Rxe6 b3 38. Rb6 d4 39. g3 d3 40. Ke1 Re2+ 41. Kd1 b2 42. Rb7 Rxf2 0-1

[Event "SVK-chT3A2 1617"]
[Site "Slovakia"]
[Date "2016.12.11"]
[Round "5.1"]
[White "Londin, Martin"]
[Black "Diviak, Rastislav"]
[Result "1/2-1/2"]
[WhiteElo "1906"]
[BlackElo "1973"]
[PlyCount "79"]
[EventDate "2016.10.16"]
[EventType "team-tourn"]
[EventRounds "11"]
[EventCountry "SVK"]
[SourceTitle "EXT 2020"]
[Source "ChessBase"]
[SourceDate "2019.10.17"]
[SourceVersion "1"]
[SourceVersionDate "2019.10.17"]
[SourceQuality "1"]
[WhiteTeam "Skalica II"]
[BlackTeam "Senica CVC"]
[WhiteTeamCountry "SVK"]
[BlackTeamCountry "SVK"]

1. e4 c5 2. Nf3 a6 3. d4 cxd4 4. Nxd4 Nf6 5. Nc3 e5 6. Nb3 Bb4 7. Qd3 d5 8. Bd2 d4 9. Ne2 Bxd2+ 10. Nxd2 0-0 11. c3 Nc6 12. g3 Be6 13. a3 Qb6 14. c4 Nd7 15. b4 a5 16. c5 Qc7 17. Rb1 axb4 18. axb4 Ra4 19. Qb5 Rfa8 20. Nc1 d3 21. Qxd3 Nxb4 22. Qd6 Qxc5 23. Qxc5 Nxc5 24. Bb5 Ra1 25. Rxa1 Rxa1 26. 0-0 Bh3 27. Rd1 g6 28. Be2 Nc2 29. Ncb3 Nxb3 30. Nxb3 Rxd1+ 31. Bxd1 Nd4 32. Nxd4 exd4 33. g4 f5 34. exf5 gxf5 35. f3 fxg4 36. fxg4 Kg7 37. Kf2 h5 38. gxh5 Kh6 39. Kf3 b5 40. Ke4 1/2-1/2

[Event "SVK-chT2A 1617"]
[Site "Slovakia"]
[Date "2016.11.05"]
[Round "3.6"]
[White "Kosegi, Marek"]
[Black "Diviak, Rastislav"]
[Result "1-0"]
[WhiteElo "1910"]
[BlackElo "1973"]
[PlyCount "101"]
[EventDate "2016.10.08"]
[EventType "team-tourn"]
[EventRounds "11"]
[EventCountry "SVK"]
[SourceTitle "CBM 175 Extra"]
[Source "ChessBase"]
[SourceDate "2016.12.12"]
[SourceVersion "1"]
[SourceVersionDate "2016.12.12"]
[SourceQuality "1"]
[WhiteTeam "Devinska Nova Ves II"]
[BlackTeam "Osuske II"]
[WhiteTeamCountry "SVK"]
[BlackTeamCountry "SVK"]

1. e4 c5 2. Nf3 a6 3. c4 Nc6 4. Nc3 g6 5. d4 cxd4 6. Nxd4 Bg7 7. Be3 d6 8. Be2 Nf6 9. 0-0 0-0 10. Nxc6 bxc6 11. f4 Qa5 12. Bf3 Rb8 13. Qa4 Qxa4 14. Nxa4 Ng4 15. Bxg4 Bxg4 16. Rab1 Be2 17. Rfe1 Bxc4 18. b3 Bd3 19. Rbc1 c5 20. Nc3 Rb4 21. e5 Re8 22. Nd5 Rb7 23. Bf2 dxe5 24. fxe5 c4 25. bxc4 Rb2 26. c5 e6 27. Nb6 Bh6 28. Be3 Bxe3+ 29. Rxe3 Rb1 30. Rxb1 Bxb1 31. c6 Re7 32. Rc3 Rc7 33. Na8 Rc8 34. c7 Rxa8 35. c8Q+ Rxc8 36. Rxc8+ Kg7 37. a4 Bd3 38. Kf2 h5 39. Ke3 Bf1 40. g3 g5 41. Rc1 Bg2 42. Kd4 Kg6 43. Rc7 f5 44. exf6 Kxf6 45. Rc2 Bd5 46. Rf2+ Kg6 47. Rb2 Bc6 48. a5 Kf5 49. Rb6 e5+ 50. Ke3 Bb5 51. Rxb5 1-0